| 000 | 00556nam a2200169 a 4500 | ||
|---|---|---|---|
| 001 | 2304 | ||
| 003 | CDMR | ||
| 005 | 20130403100028.0 | ||
| 008 | 130130s1977||||||||||||||||||||||||||||d | ||
| 040 |
_aCDMR _bcat _cCDMR |
||
| 111 | 2 |
_aJornadas Nacionales de Radio _cBarcelona _d1976 _n2ª _91721 |
|
| 245 | 1 | 3 |
_aLa radio es comunicación activa _b: II Jornadas Nacionales : 13-14 y 15 de Octubre de 1976 |
| 260 |
_aBarcelona _c1977 _bCasa Provincial de Caridad. Imprenta Escuela |
||
| 300 |
_a406 p ; _c24 cm |
||
| 650 | 0 | 4 |
_aRàdio _xLlenguatge _92800 |
| 942 |
_cMON _2udc |
||
| 999 |
_c2304 _d2304 |
||